000 00498nam a22001817a 4500
005 20260422130546.0
008 260422b |||||||| |||| 00| 0 eng d
020 _a9788197214479
_c2497.00
040 _aMAIN
041 _aEnglish
082 _a616.079
_bKHA
100 _aKhanna, Kavita
_926678
245 _aKubys Immunology
_b: Updated Covid-19
260 _aNew Delhi
_bMedTech Science Press
_c2026
300 _a1141
_bVol.2nd
650 _aBiological Science (PM USHA)
_926674
942 _cBK
999 _c60675
_d60675